Wicked : For good lyrics - Statistics

General Stats
  • This quiz has been taken 422 times
  • The average score is 279 of 332
Answer Stats
Hint Answer % Correct
I
100%
for
98%
For
98%
a
97%
A
97%
the
97%
The
97%
in
96%
Elphaba (In
96%
it
96%
Elphaba It
96%
Glinda I’ve
96%
be
95%
come
95%
that
95%
That
95%
to
95%
To
95%
you
95%
You
95%
We
93%
we
93%
by
92%
By
92%
Elphaba (By
92%
changed
92%
Changed
92%
Good
92%
good
92%
Good.
92%
have
92%
Have
92%
heard
92%
Into
92%
like
92%
Like
92%
Elphaba (Like
92%
me
92%
Me
92%
our
92%
people
92%
reason
92%
because
91%
Because
91%
been
91%
Been
91%
better?
91%
Better?
91%
Better
91%
lives
91%
Who
91%
who
91%
and
90%
And
90%
knew
90%
Knew
90%
said
90%
from
89%
From
89%
So
89%
so
89%
if
88%
If
88%
say
88%
Say
88%
as
87%
Glinda As
87%
can
87%
Can
87%
know
87%
Know
87%
Do
86%
Learn
86%
my
86%
but
85%
But
85%
of
84%
Of
84%
sun
84%
Sun
84%
comet
83%
Comet
83%
orbit
83%
Orbit
83%
again
82%
let
82%
meet
82%
never
82%
passes
82%
Passes
82%
this
82%
well
81%
am
80%
believe
80%
Believe
80%
don’t
80%
may
80%
on
80%
lifetime
79%
pulled
79%
Pulled
79%
them
79%
I’m
78%
Must
78%
something
78%
is
77%
today
77%
will
77%
much
76%
what
76%
ship
75%
Ship
75%
wood
75%
Wood
75%
Wood)
75%
are
74%
bringing
74%
heart
74%
true
74%
with
74%
return
73%
that’s
73%
through
73%
Through
73%
Us
73%
Help
72%
learned
72%
before
71%
halfway
71%
Glinda Halfway
71%
handprint
70%
part
70%
grow
69%
made
69%
sea
69%
Sea)
69%
its
68%
Its
68%
stream
68%
those
68%
boulder
67%
Friend
67%
meets
67%
Meets
67%
being
66%
Stream
66%
you’ll
65%
Most
64%
Then
64%
wind
64%
Wind
64%
mine
62%
distant
60%
end
60%
stories
60%
re-written
59%
led
58%
Way
58%
now
56%
whatever
55%
Blame
51%
None
51%
Anymore
50%
just
50%
Matter
50%
seed
50%
Seed
50%
Seems
50%
skybird
50%
dropped
49%
Dropped
49%
Mooring
49%
Mooring)
49%
blown
48%
Blown
48%
Share
47%
air
46%
ask
46%
clear
46%
things
46%
done
45%
forgiveness
45%
off
45%
Off
45%
There’s
45%
Guess
41%
Bird)
30%
No matching quizzes found
Score Distribution
Percent of People with Each Score
Percentile by Number Answered
Your Score History
You have not taken this quiz